UBT Library

INTEGRATING TECHNOLOGY INTO THE CURRICULUM (Record no. 59253)

000 -LEADER
fixed length control field 00331nam a22001457a 4500
008 - FIXED-LENGTH DATA ELEMENTS--GENERAL INFORMATION
fixed length control field 230124b ||||| |||| 00| 0 eng d
020 ## - INTERNATIONAL STANDARD BOOK NUMBER
International Standard Book Number 9781425803797
041 ## - LANGUAGE CODE
Language code of text/sound track or separate title eng
080 ## - UNIVERSAL DECIMAL CLASSIFICATION NUMBER
Universal Decimal Classification number 51
082 ## - DEWEY DECIMAL CLASSIFICATION NUMBER
Classification number 51FRE
100 ## - Rafti
Rafti 23
101 ## - Shkurtesa
Shkurtesa MATE
245 ## - TITLE STATEMENT
Title INTEGRATING TECHNOLOGY INTO THE CURRICULUM
Statement of responsibility, etc FREI SH
942 ## - ADDED ENTRY ELEMENTS (KOHA)
Source of classification or shelving scheme
Item type Books
Holdings
Withdrawn status Lost status Source of classification or shelving scheme Damaged status Not for loan Collection code Permanent location Current location Date acquired Total Checkouts Full call number Barcode Date last seen Price effective from Koha item type
          Koleksioni i përgjithshem UBT - Lipjan UBT - Lipjan 01/24/2023   51FRE 003-25 01/24/2023 01/24/2023 Books
          Koleksioni i përgjithshem UBT - Lipjan UBT - Lipjan 01/24/2023   51FRE 003-26 01/24/2023 01/24/2023 Books
          Koleksioni i përgjithshem UBT - Lipjan UBT - Lipjan 01/24/2023   51FRE 003-27 01/24/2023 01/24/2023 Books
          Koleksioni i përgjithshem UBT - Lipjan UBT - Lipjan 01/24/2023   51FRE 003-28 01/24/2023 01/24/2023 Books
          Koleksioni i përgjithshem UBT - Lipjan UBT - Lipjan 04/19/2023   51FRE 002-80007061 04/19/2023 04/19/2023 Books
          Koleksioni i përgjithshem UBT - Lipjan UBT - Lipjan 04/19/2023   51FRE 002-80007062 04/19/2023 04/19/2023 Books
          Koleksioni i përgjithshem UBT - Lipjan UBT - Lipjan 04/19/2023   51FRE 002-80007063 04/19/2023 04/19/2023 Books
          Koleksioni i përgjithshem UBT - Lipjan UBT - Lipjan 05/16/2023   51FRE 002-800080222 05/16/2023 05/16/2023 Books
          Koleksioni i përgjithshem UBT - Lipjan UBT - Lipjan 05/16/2023   51FRE 002-800080223 05/16/2023 05/16/2023 Books
          Koleksioni i përgjithshem UBT - Lipjan UBT - Lipjan 05/16/2023   51FRE 002-800080224 05/16/2023 05/16/2023 Books
          Koleksioni i përgjithshem UBT - Lipjan UBT - Lipjan 05/16/2023   51FRE 002-800080225 05/16/2023 05/16/2023 Books
UBT Library © 2015-2024. All rights reserved University Education for Business and Technology